Statistics for Glasgow Parks Map

Click here to take the quiz!

General Stats

  • This quiz has been taken 49 times
  • The average score is 8 of 20

Answer Stats

% Correct
Glasgow {Green}
83%
{Pollok} Country Park
79%
{Kelvingrove} Park
67%
{Queens} Park
58%
{Bellahouston} Park
54%
{Victoria} Park
50%
Glasgow {Botanic}
Gardens
46%
{Ruchill} Park
38%
{King's} Park
38%
{Cathkin} Braes
Country Park
38%
{Hogganfield} / {Seven}
Lochs Wetland Park
33%
{Linn} Park
33%
{Alexandra} Park
33%
{Tollcross} Park
29%
{Springburn} Park
25%
{Dawsholm} Park
17%
{Darnley} Mill / Dams to
{Darnley} Country Park
13%
{Richmond} Park
8%
{Auchinlea} Park
4%
{Robroyston} Park
4%

Score Distribution

Percentile by Number Answered

Percent of People with Each Score

Your Score History

You have not taken this quiz